• 首页
  • 本馆介绍
  • 公告通知
  • 最新文献
  • 馆藏检索
  • 电子资源
  • 读者导购
  • 参考咨询
  • 我的图书馆
  • 登录
  • 详细信息显示
  • 放入我的书架
  • 预约/预借图书
  • 作者相关作品
  • 分类相关作品
  • 丛书相关作品
  • 出版社相关作品

书目信息

  • 表格格式
  • 工作单格式
  • 卡片格式
题名:
外汇业务实用手册
    
 
作者: 冀严 主编
分册:  
出版信息: 北京   中国发展出版社  1993
页数: 972页
开本: 20cm
丛书名:
单 册:
中图分类: F830.73-62
科图分类:
主题词: 外汇业务--手册
电子资源:
ISBN: 7-80087-101-0
000 00807nam0 2200241 450
001 0100426340
005 20100726091444.0
010    @a7-80087-101-0@dCNY17.60
011    @a7-80087-101-0
100    @a20021005d1993 em y0chiy0110 ea
101 0  @achi
102    @aCN@b110000
105    @ak z 000yy
106    @ar
200 1  @a外汇业务实用手册@9Wai Hui Ye Wu Shi Yong Shou Ce @f冀严主编@b专著
210    @a北京@c中国发展出版社@d1993
215    @a972页@d20cm
330    @a全书共分12篇,内容包括国际收支、国际货币体系、国际金融市场、中国银行主要外汇业务、外汇管理、外汇汇率及外汇风险防范、利用外资等方面并介绍外汇业务的基本知识等。
606 0  @a外汇业务@x手册
690    @aF830.73-62@v3
701  0 @a冀严@9ji yan@4主编
801  0 @aCN@bAiZhiMarc@c19930925
905    @aBZT@dF830.73@e11@f2@sF830.73/11
    
    外汇业务实用手册/冀严主编.-北京:中国发展出版社,1993
    972页;20cm
    
    
    ISBN 7-80087-101-0:CNY17.60
    全书共分12篇,内容包括国际收支、国际货币体系、国际金融市场、中国银行主要外汇业务、外汇管理、外汇汇率及外汇风险防范、利用外资等方面并介绍外汇业务的基本知识等。
●
相关链接 在五车中查询图书 在当当中查询图书 在豆瓣中查询图书


正题名:外汇业务实用手册     索取号:F830.73/11         预约/预借

序号 登录号 条形码 馆藏地/架位号 状态 备注
1 2000099411   2000099411   旧书回溯/ [索取号:F830.73/11] 在馆    
2 2000099698   2000099698   旧书回溯/ [索取号:F830.73/11] 在馆    
山东省滨州职业学院图书馆 欢迎您!
大连网信软件有限公司© 版权所有